| 000 | 00580nam a2200181Ia 4500 | ||
|---|---|---|---|
| 005 | 20250423095542.0 | ||
| 008 | 250422s9999 xx 000 0 und d | ||
| 020 | _a9788131304747 | ||
| 050 | _aGB 1140 .P86 M34/ | ||
| 100 | _aMahajan, Gautam | ||
| 245 | 0 | _aGround water surveys and investigation | |
| 260 | _aNew Delhi | ||
| 260 | _bAshish Pub. House. | ||
| 260 | _c1995 | ||
| 300 | _a543 p | ||
| 650 | _a Groundwater--India--Punjab (State)--Management. Water resources development--India--Punjab (State) Geohydrology--India--Punjab (State) | ||
| 942 | _cBK | ||
| 999 |
_c30619 _d30619 |
||